000 00621nam a2200241Ia 4500
003 OSt
005 20221007062657.0
006 a|||||r|||| 00| 0
007 ta
008 221006b |||||||| |||| 00| 0 eng d
024 _a28,828
037 _cTextual
040 _aFLL
_cFLL
_beng
041 _2eng
_aeng
082 _aZ8:5, L0
100 _aHoward Colin
_9683189
245 0 _aAustralian criminal law
250 _a2nd
260 _aAustralia
_bThe Law Book Company Ltd. Australia
_c1970
300 _alii,456p
_ccm.
942 _hZ8:5, L0
_cTEXL
_2CC
999 _c1129278
_d1129278